000 00353 a2200169 4500
001 189724
020 _a978-85-385-4885-0
040 _cMagnum
100 _aMuniz, Flávia
240 1 0 _aSabido e danado
_lpor
245 1 0 _aSabido e danado
300 _a32
362 0 _a2011
440 1 _aPositivo
697 _aLITERATURA INFANTIL
942 _cBK
999 _c189724
_d189724